[Event "Mike Shpan mem"]
[Site "Winnipeg CAN"]
[Date "2006.12.12"]
[Round "6"]
[White "Essery, Richard"]
[Black "Nguyen, Huy"]
[Result "1/2-1/2"]
[WhiteElo "1602"]
[BlackElo "1692"]
[PlyCount "87"]
[EventDate "2006.11.07"]
[EventType "swiss"]
[EventRounds "6"]
[EventCountry "CAN"]

1. d4 c6 2. Bf4 Qb6 3. b3 Nf6 4. Nf3 Nd5 5. Bg3 d6 6. c4 Nf6 7. h3 g6 8. Nc3
Bg7 9. e3 O-O 10. Bd3 Nbd7 11. O-O Nh5 12. Bh2 Re8 13. Rc1 e5 14. dxe5 dxe5 15.
e4 Bh6 16. Rb1 f6 17. b4 Nf8 18. c5 Qc7 19. Bc4+ Be6 20. Qb3 Kg7 21. Rbd1 Bxc4
22. Qxc4 Ne6 23. g3 Qe7 24. Rd6 Rad8 25. Rfd1 a6 26. Kg2 Kh8 27. Rxe6 Qf7 28.
Rxe8+ Qxe8 29. Rxd8 Qxd8 30. a4 Qd7 31. Qe2 Bf8 32. Qd1 Qe6 33. Qd8 Kg8 34. Nd2
Ng7 35. Qc7 a5 36. Qxa5 Qd7 37. Nf3 Qd3 38. b5 Ne6 39. bxc6 bxc6 40. g4 Nd4 41.
Nxd4 exd4 42. Qd8 Kf7 43. Qd7+ Kg8 44. Qd8 1/2-1/2

[Event "Mike Shpan mem"]
[Site "Winnipeg CAN"]
[Date "2006.12.12"]
[Round "6"]
[White "Letain, Cory"]
[Black "Goodman, Clifford"]
[Result "1-0"]
[WhiteElo "1259"]
[BlackElo "1500"]
[PlyCount "31"]
[EventDate "2006.11.07"]
[EventType "swiss"]
[EventRounds "6"]
[EventCountry "CAN"]

1. e4 c6 2. Nf3 d5 3. e5 Bf5 4. h4 e6 5. d4 Nd7 6. h5 h6 7. b3 Bg4 8. Nbd2 a6
9. Bb2 Qc7 10. Bd3 c5 11. Rh4 Bxf3 12. Qxf3 f5 13. Bxf5 exf5 14. Qxd5 O-O-O 15.
dxc5 Qxc5 16. Rc4 1-0

[Event "Mike Shpan mem"]
[Site "Winnipeg CAN"]
[Date "2006.12.12"]
[Round "6"]
[White "Mundwiler, Les"]
[Black "Kohalmi, Andy"]
[Result "1-0"]
[WhiteElo "1988"]
[BlackElo "1677"]
[PlyCount "69"]
[EventDate "2006.11.07"]
[EventType "swiss"]
[EventRounds "6"]
[EventCountry "CAN"]

1. d4 Nf6 2. c4 g6 3. Nf3 Bg7 4. Nc3 d5 5. e3 O-O 6. Qb3 c6 7. Bd2 Qb6 8. Qa3
Re8 9. Na4 Qc7 10. cxd5 cxd5 11. Rc1 Nc6 12. Ne5 Nd7 13. f4 Ndxe5 14. fxe5 f6
15. Qb3 e6 16. exf6 Bxf6 17. Bb5 Bd7 18. O-O Be7 19. Bd3 Bd6 20. h3 Qd8 21. Nc5
Bxc5 22. dxc5 Rb8 23. Qc2 Ne5 24. Be2 Rc8 25. b4 b6 26. Bc3 Qg5 27. Qd2 bxc5
28. bxc5 Rxc5 29. Qd4 Rxc3 30. Rxc3 Nc6 31. Qc5 Qe5 32. Rb3 Kg7 33. Rb7 Re7 34.
Rxd7 Rxd7 35. Qf8# 1-0

[Event "Mike Shpan mem"]
[Site "Winnipeg CAN"]
[Date "2006.12.12"]
[Round "6"]
[White "Pottinger, Carl"]
[Black "Rutter, Blair"]
[Result "0-1"]
[WhiteElo "1775"]
[BlackElo "1825"]
[PlyCount "70"]
[EventDate "2006.11.07"]
[EventType "swiss"]
[EventRounds "6"]
[EventCountry "CAN"]

1. c4 e6 2. g3 d5 3. Bg2 Nf6 4. cxd5 exd5 5. d4 Bf5 6. Nf3 c6 7. O-O Be7 8. Nc3
Nbd7 9. a3 Ne4 10. Qb3 Qc8 11. Nd2 Ndf6 12. Ndxe4 Nxe4 13. Bf4 g5 14. Be3 h5
15. Rac1 Qd7 16. Nxe4 dxe4 17. Rfd1 Be6 18. Qc2 f5 19. Bd2 h4 20. e3 hxg3 21.
fxg3 Bd6 22. Bc3 Qh7 23. Bf1 Bxg3 24. Rd2 Bd6 25. d5 Bxd5 26. Bxh8 Qxh8 27. Qa4
Ke7 28. Rcc2 f4 29. Qd4 Qxd4 30. exd4 e3 31. Re2 Kf6 32. Re1 Bc7 33. Bc4 Be4
34. Rcc1 Bb6 35. h3 Bxd4 0-1

[Event "Mike Shpan mem"]
[Site "Winnipeg CAN"]
[Date "2006.12.12"]
[Round "6"]
[White "Reimer, Bruce"]
[Black "Trueman, Francis"]
[Result "1-0"]
[WhiteElo "1531"]
[BlackElo "1463"]
[PlyCount "89"]
[EventDate "2006.11.07"]
[EventType "swiss"]
[EventRounds "6"]
[EventCountry "CAN"]

1. e4 e5 2. Nf3 d6 3. Bc4 h6 4. c3 Nf6 5. Qb3 Qe7 6. O-O Nxe4 7. Re1 Nc5 8. Qc2
Bg4 9. Nd4 Ne6 10. Qa4+ Qd7 11. Qb3 Nc5 12. Qb4 a5 13. Qa3 Ne6 14. Nc2 d5 15.
Qb3 Nc6 16. Bb5 Bd6 17. Qxd5 Nf4 18. Qe4 Bf5 19. Qxf4 Bxc2 20. d4 g5 21. Qf6
Rg8 22. d5 Be7 23. Rxe5 Kd8 24. Qxh6 Qg4 25. Nd2 Nxe5 26. h3 Qf5 27. Nb3 Bf6
28. Nd4 Qg6 29. Qxg6 Rxg6 30. Nxc2 Be7 31. Be3 a4 32. Rd1 f5 33. Bd4 Bf6 34.
Ne3 Ra5 35. c4 g4 36. Bc3 Ra8 37. hxg4 fxg4 38. c5 Ke7 39. d6+ cxd6 40. cxd6+
Kf8 41. d7 a3 42. Bb4+ Kg7 43. Nf5+ Kf7 44. Bxa3 Rgg8 45. Nh6+ 1-0

[Event "Mike Shpan mem"]
[Site "Winnipeg CAN"]
[Date "2006.12.12"]
[Round "6"]
[White "Wierda, John"]
[Black "Evans, Brian"]
[Result "1-0"]
[WhiteElo "1742"]
[BlackElo "1474"]
[PlyCount "53"]
[EventDate "2006.11.07"]
[EventType "swiss"]
[EventRounds "6"]
[EventCountry "CAN"]

1. Nf3 Nf6 2. g3 g6 3. Bg2 Bg7 4. c4 d6 5. d4 c6 6. O-O O-O 7. b4 c5 8. bxc5
dxc5 9. e3 Ne4 10. Bb2 Nc6 11. Nbd2 Nxd2 12. Qxd2 Bg4 13. d5 Bxf3 14. Bxf3 Ne5
15. Be2 Qd7 16. f4 Ng4 17. Bxg7 Kxg7 18. Bxg4 Qxg4 19. Qb2+ Kg8 20. Qxb7 e6 21.
Qb5 exd5 22. cxd5 Rfc8 23. Qc4 Rab8 24. Rab1 Rxb1 25. Rxb1 Qd7 26. e4 Qc7 27.
e5 1-0

[Event "Millenium"]
[Site "Charlesbourg CAN"]
[Date "2006.11.20"]
[Round "1"]
[White "Tremblay, Rejean"]
[Black "Sirois, Eric"]
[Result "1-0"]
[WhiteElo "2298"]
[BlackElo "1653"]
[PlyCount "83"]
[EventDate "2006.11.20"]
[EventType "swiss"]
[EventRounds "5"]
[EventCountry "CAN"]

1. d4 Nf6 2. c4 e6 3. Nc3 Bb4 4. Qc2 O-O 5. a3 Bxc3+ 6. Qxc3 b6 7. Bg5 Bb7 8.
f3 d6 9. Nh3 Nbd7 10. e3 Rc8 11. b4 c5 12. dxc5 bxc5 13. b5 h6 14. Bh4 d5 15.
a4 e5 16. cxd5 Bxd5 17. Rd1 Qc7 18. Be2 Be6 19. e4 g5 20. Bg3 Rfd8 21. Nf2 Ne8
22. h4 f6 23. hxg5 hxg5 24. Bc4 Ng7 25. Ng4 Kf7 26. Nh6+ Kg6 27. Nf5 Nxf5 28.
exf5+ Bxf5 29. Bd3 Nf8 30. Bxf5+ Kxf5 31. Qc2+ Ke6 32. Qc4+ Ke7 33. Bf2 Rxd1+
34. Kxd1 Qd6+ 35. Ke2 Ne6 36. Rh7+ Kd8 37. Rxa7 Nf4+ 38. Ke1 Qd5 39. Qxd5+ Nxd5
40. a5 Nf4 41. b6 Ne6 42. Rf7 1-0

[Event "Millenium"]
[Site "Charlesbourg CAN"]
[Date "2006.11.27"]
[Round "2"]
[White "Bourassa, Samuel"]
[Black "Tremblay, Rejean"]
[Result "0-1"]
[WhiteElo "1835"]
[BlackElo "2298"]
[PlyCount "74"]
[EventDate "2006.11.20"]
[EventType "swiss"]
[EventRounds "5"]
[EventCountry "CAN"]

1. e4 c5 2. Nf3 d6 3. d4 cxd4 4. Nxd4 Nf6 5. Nc3 a6 6. Be3 Ng4 7. Bc1 Nf6 8.
Be3 e5 9. Nde2 Ng4 10. Nd5 Nxe3 11. Nxe3 Nd7 12. Qd2 Nf6 13. f3 Be6 14. Rd1 Qb6
15. c4 g6 16. Nd5 Nxd5 17. cxd5 Bd7 18. g4 h5 19. gxh5 Rxh5 20. Ng3 Rh4 21. Qf2
Qa5+ 22. Qd2 Qxa2 23. Qb4 b5 24. Rd3 Rc8 25. Ne2 Rc2 26. Rd2 Rc4 27. Qa3 Qxa3
28. bxa3 Bh6 29. Rb2 f5 30. exf5 gxf5 31. Rb3 Rc5 32. Rd3 Kf7 33. Kf2 e4 34.
Rd1 e3+ 35. Kg3 Ra4 36. Rd3 f4+ 37. Kh4 Bg7 0-1

[Event "Millenium"]
[Site "Charlesbourg CAN"]
[Date "2006.11.27"]
[Round "2"]
[White "Cournoyer, Dominic"]
[Black "Lessard, Claude"]
[Result "1-0"]
[WhiteElo "1860"]
[BlackElo "2015"]
[PlyCount "83"]
[EventDate "2006.11.20"]
[EventType "swiss"]
[EventRounds "5"]
[EventCountry "CAN"]

1. c4 e6 2. Nc3 f5 3. Nf3 Nf6 4. d3 Be7 5. g3 b6 6. Bg2 Bb7 7. Bf4 d6 8. O-O e5
9. Bd2 Na6 10. Nxe5 Bxg2 11. Kxg2 dxe5 12. Qa4+ Qd7 13. Qxa6 O-O 14. Bg5 f4 15.
Bxf6 Rxf6 16. Qb5 c6 17. Qb3 Rh6 18. h4 Rf8 19. Ne4 c5 20. Rh1 Qf5 21. Qd1 g5
22. hxg5 Rxh1 23. Qxh1 f3+ 24. Kf1 fxe2+ 25. Kxe2 b5 26. b3 bxc4 27. bxc4 Qg4+
28. f3 Qf5 29. Rb1 Bxg5 30. Qh5 h6 31. Rb7 a5 32. Nxc5 e4 33. Nxe4 Qe6 34. Qg4
Qc6 35. Qd7 Qg6 36. Qd5+ Kh8 37. Nxg5 hxg5 38. Re7 Qh6 39. Qe5+ Rf6 40. g4 Kg8
41. Re8+ Kg7 42. Re6 1-0

[Event "Millenium"]
[Site "Charlesbourg CAN"]
[Date "2006.12.04"]
[Round "3"]
[White "Laflamme, Simon"]
[Black "Cote, Jocelyn"]
[Result "1/2-1/2"]
[WhiteElo "1900"]
[BlackElo "1847"]
[PlyCount "86"]
[EventDate "2006.11.20"]
[EventType "swiss"]
[EventRounds "5"]
[EventCountry "CAN"]

1. e4 c5 2. Nf3 Nc6 3. d4 cxd4 4. Nxd4 d6 5. c4 Nf6 6. Nc3 e6 7. Be2 Be7 8. O-O
O-O 9. b3 a6 10. f4 d5 11. Nxc6 bxc6 12. e5 Qb6+ 13. Kh1 Nd7 14. Rf3 Rd8 15.
Qe1 f5 16. Be3 d4 17. Bf2 c5 18. Na4 Qc6 19. Bh4 Re8 20. Rh3 Qe4 21. Bxe7 Bb7
22. Qf2 Rxe7 23. Bf3 Qxf4 24. Rh4 Qxe5 25. Bxb7 Ra7 26. Re1 Qf6 27. Bc8 g5 28.
Rh3 Rc7 29. Bxd7 Rexd7 30. Nb2 e5 31. Nd3 Re7 32. Rf3 f4 33. Re4 g4 34. Nxf4
gxf3 35. Nd5 Qf5 36. Nxe7+ Rxe7 37. Qxf3 Qxf3 38. gxf3 Kf7 39. Kg2 Kf6 40. Kf2
Rg7 41. Rh4 Kg5 42. Rg4+ Kf6 43. Rh4 Kg5 1/2-1/2

[Event "Millenium"]
[Site "Charlesbourg CAN"]
[Date "2006.12.04"]
[Round "3"]
[White "Tremblay, Rejean"]
[Black "Caron, Sebastien"]
[Result "1-0"]
[WhiteElo "2298"]
[BlackElo "1897"]
[PlyCount "61"]
[EventDate "2006.11.20"]
[EventType "swiss"]
[EventRounds "5"]
[EventCountry "CAN"]

1. d4 Nf6 2. c4 g6 3. Nc3 Bg7 4. e4 d6 5. Be2 O-O 6. Nf3 Nbd7 7. O-O e5 8. Re1
h6 9. Bf1 exd4 10. Nxd4 Ne5 11. f3 Bd7 12. Be3 Nc6 13. Rc1 a6 14. Qd2 Kh7 15.
a3 Rc8 16. b4 Nxd4 17. Bxd4 Be6 18. Be3 Ng8 19. Nd5 Bxd5 20. Qxd5 Rb8 21. Red1
Ne7 22. Qd2 Nc6 23. b5 axb5 24. cxb5 Ne7 25. b6 c6 26. Qxd6 Qxd6 27. Rxd6 Bb2
28. Rb1 Bxa3 29. Rd3 Ra8 30. Rbb3 c5 31. Rxa3 1-0

[Event "Millenium"]
[Site "Charlesbourg CAN"]
[Date "2006.12.11"]
[Round "4"]
[White "Laflamme, Simon"]
[Black "Tremblay, Rejean"]
[Result "1/2-1/2"]
[WhiteElo "1900"]
[BlackElo "2298"]
[PlyCount "34"]
[EventDate "2006.11.20"]
[EventType "swiss"]
[EventRounds "5"]
[EventCountry "CAN"]

1. e4 c5 2. Nf3 d6 3. d4 cxd4 4. Nxd4 Nf6 5. Nc3 a6 6. Bg5 e6 7. Qe2 Be7 8.
O-O-O Nxe4 9. Bxe7 Nxc3 10. Bxd8 Nxe2+ 11. Nxe2 Kxd8 12. Rxd6+ Ke7 13. Rd2 Bd7
14. Nc3 Bc6 15. Bd3 Nd7 16. Be4 Rac8 17. Rhd1 Nf6 1/2-1/2

[Event "Millenium"]
[Site "Charlesbourg CAN"]
[Date "2006.12.18"]
[Round "5"]
[White "Lapierre, Gaetan"]
[Black "Tremblay, Rejean"]
[Result "1/2-1/2"]
[WhiteElo "1873"]
[BlackElo "2298"]
[PlyCount "101"]
[EventDate "2006.11.20"]
[EventType "swiss"]
[EventRounds "5"]
[EventCountry "CAN"]

1. e4 c5 2. Nc3 Nc6 3. g3 g6 4. Bg2 Bg7 5. d3 d6 6. Nf3 Nf6 7. O-O O-O 8. h3
Rb8 9. Ne1 e5 10. f4 Nh5 11. Kh2 exf4 12. gxf4 f5 13. Bf3 Nf6 14. Nd5 Nd4 15.
Bg2 fxe4 16. Nxf6+ Qxf6 17. dxe4 Bd7 18. c3 Ne6 19. Qxd6 Rbd8 20. f5 Bb5 21.
Qxe6+ Qxe6 22. fxe6 Rxf1 23. Bxf1 Bxf1 24. Bg5 Re8 25. Rd1 h6 26. Rd8 Rxd8 27.
Bxd8 Be5+ 28. Kg1 Bxh3 29. Nd3 Bg3 30. Nxc5 b6 31. e7 Kf7 32. Nd3 Bd6 33. Nb4
Bxe7 34. Bxe7 Kxe7 35. Nc6+ Kd6 36. Nxa7 Bd7 37. c4 Ke5 38. Nb5 Bxb5 39. cxb5
Kxe4 40. a4 Kd5 41. b3 g5 42. Kg2 h5 43. Kg3 h4+ 44. Kg4 Kd6 45. Kh3 Kc5 46.
Kg4 Kb4 47. Kh3 Ka5 48. Kg4 Kb4 49. Kh3 Kc5 50. Kg4 Kd5 51. Kh3 1/2-1/2

[Event "Monarque Noir"]
[Site "Gatineau CAN"]
[Date "2006.01.03"]
[Round "1"]
[White "Arsenault, Michel"]
[Black "Charland, Roger"]
[Result "1-0"]
[WhiteElo "1980"]
[BlackElo "1428"]
[PlyCount "57"]
[EventDate "2006.01.03"]
[EventType "swiss"]
[EventRounds "7"]
[EventCountry "CAN"]

1. c4 Nf6 2. g3 g6 3. Bg2 Bg7 4. Nc3 O-O 5. e4 d6 6. Nge2 c5 7. O-O Be6 8. d3
Qd7 9. f3 Nc6 10. Be3 Bh3 11. Qd2 Ne5 12. Rad1 Rfb8 13. b3 a6 14. d4 Bxg2 15.
Kxg2 cxd4 16. Bxd4 Qc7 17. Nd5 Nxd5 18. exd5 a5 19. h3 a4 20. f4 Bh6 21. Bb2 f6
22. Qc3 Nd7 23. Nd4 axb3 24. axb3 Nc5 25. Rfe1 b6 26. Re2 Rb7 27. Rde1 Re8 28.
Ra1 Ra7 29. Nb5 1-0

[Event "Monarque Noir"]
[Site "Gatineau CAN"]
[Date "2006.01.03"]
[Round "1"]
[White "Coulombe, Simon"]
[Black "Rachenko, Maxim"]
[Result "0-1"]
[WhiteElo "1315"]
[BlackElo "1689"]
[PlyCount "51"]
[EventDate "2006.01.03"]
[EventType "swiss"]
[EventRounds "7"]
[EventCountry "CAN"]

1. e4 e5 2. Nf3 Nc6 3. Bb5 a6 4. Ba4 Nf6 5. d3 b5 6. Bb3 Bc5 7. O-O O-O 8. Re1
h6 9. Be3 Bxe3 10. Rxe3 d5 11. Re1 Bg4 12. Nc3 dxe4 13. Nxe4 Nxe4 14. Rxe4 Bf5
15. Re3 Re8 16. a4 e4 17. dxe4 Qxd1+ 18. Rxd1 Rxe4 19. Bd5 Rd8 20. Ree1 Rxe1+
21. Nxe1 Be4 22. axb5 axb5 23. Bxf7+ Kxf7 24. Ra1 Rd2 25. Rc1 Ne7 26. f3 0-1

[Event "Monarque Noir"]
[Site "Gatineau CAN"]
[Date "2006.01.03"]
[Round "1"]
[White "Dallaire, Dominic"]
[Black "Thompson, Dan"]
[Result "1/2-1/2"]
[WhiteElo "1845"]
[BlackElo "1363"]
[PlyCount "87"]
[EventDate "2006.01.03"]
[EventType "swiss"]
[EventRounds "7"]
[EventCountry "CAN"]

1. e4 c6 2. d4 d5 3. e5 c5 4. c3 Bf5 5. dxc5 e6 6. b4 Nd7 7. Bb5 Ne7 8. Nf3 Nc6
9. O-O Be7 10. Nd4 Nxd4 11. cxd4 O-O 12. Nc3 a5 13. Bxd7 axb4 14. Nxd5 Qxd7 15.
Nb6 Qb5 16. Nxa8 Rxa8 17. Be3 Bd3 18. Re1 Bc4 19. Qd2 Ra3 20. Reb1 b3 21. axb3
Rxa1 22. Rxa1 Qxb3 23. Ra8+ Bf8 24. h3 Bd5 25. Bg5 Qb1+ 26. Kh2 Qf1 27. f3 b5
28. Be7 Bxa8 29. Bxf8 Kxf8 30. Qa5 Bc6 31. d5 exd5 32. Qd8+ Be8 33. Qd6+ Kg8
34. Qb8 Kf8 35. e6 fxe6 36. c6 Ke7 37. Qc7+ Kf6 38. Qd8+ Kf7 39. c7 Qe1 40.
c8=Q Qe5+ 41. f4 Qxf4+ 42. Kg1 Qd4+ 43. Kh1 Qa1+ 44. Kh2 1/2-1/2

[Event "Monarque Noir"]
[Site "Gatineau CAN"]
[Date "2006.01.03"]
[Round "1"]
[White "Kennedy, Phillip"]
[Black "Desjardins, Michel"]
[Result "0-1"]
[WhiteElo "1404"]
[BlackElo "1891"]
[PlyCount "94"]
[EventDate "2006.01.03"]
[EventType "swiss"]
[EventRounds "7"]
[EventCountry "CAN"]

1. Nf3 d5 2. g3 Nf6 3. Bg2 c6 4. d4 Bg4 5. h3 Bh5 6. O-O e6 7. Nbd2 Bd6 8. Re1
Nbd7 9. c3 O-O 10. Nb3 Re8 11. Bd2 Ne4 12. Qc2 Qc7 13. Ng5 Nef6 14. e4 Bg6 15.
Qc1 dxe4 16. Nxe4 Nxe4 17. Bxe4 Bxe4 18. Rxe4 Bxg3 19. Bf4 Bxf4 20. Qxf4 Qxf4
21. Rxf4 b6 22. Nd2 e5 23. dxe5 Nxe5 24. Rd4 c5 25. Rd5 Rad8 26. Rxd8 Rxd8 27.
Nf1 Kf8 28. Kg2 Nd3 29. b3 Nf4+ 30. Kh2 Rd3 31. Ne3 Rxc3 32. Rd1 Rd3 33. Rxd3
Nxd3 34. Kg3 Nc1 35. a4 Nxb3 36. Nc4 Ke7 37. Kf4 Ke6 38. Ke4 g5 39. f4 f5+ 40.
Kf3 Nd4+ 41. Ke3 g4 42. hxg4 fxg4 43. Ke4 Nf5 44. Kd3 h5 45. Nd2 h4 46. Ne4 h3
47. Nf2 h2 0-1

[Event "Monarque Noir"]
[Site "Gatineau CAN"]
[Date "2006.01.03"]
[Round "1"]
[White "Levesque, Andre"]
[Black "Brassard, Sylvain"]
[Result "0-1"]
[WhiteElo "1345"]
[BlackElo "1816"]
[PlyCount "86"]
[EventDate "2006.01.03"]
[EventType "swiss"]
[EventRounds "7"]
[EventCountry "CAN"]

1. e4 Nf6 2. e5 Nd5 3. d4 d6 4. c4 Nb6 5. exd6 cxd6 6. Nf3 g6 7. Be2 Bg7 8. O-O
O-O 9. Be3 Nc6 10. Re1 Bg4 11. Nbd2 d5 12. c5 Nc4 13. Nxc4 dxc4 14. d5 Nb4 15.
Bxc4 Bxf3 16. gxf3 Bxb2 17. Rb1 Bc3 18. Bd2 Nxd5 19. Bxd5 Bxd2 20. Re2 Qxd5 21.
Qxd2 Qxc5 22. Rxb7 e6 23. Qb2 Rad8 24. Re1 Qg5+ 25. Kf1 Rd2 26. Qc1 Rfd8 27.
Rb2 Qd5 28. Rxd2 Qxd2 29. Qa3 Qd3+ 30. Qxd3 Rxd3 31. Re3 Rxe3 32. fxe3 Kf8 33.
Ke2 Ke7 34. Kd3 Kd6 35. Kd4 e5+ 36. Kc4 Kc6 37. a4 f5 38. h3 g5 39. Kd3 h5 40.
e4 f4 41. Ke2 Kc5 42. Kf2 Kb4 43. Kg2 h4 0-1

[Event "Monarque Noir"]
[Site "Gatineau CAN"]
[Date "2006.01.03"]
[Round "1"]
[White "Maisonneuve, Paul"]
[Black "Groleau, Gilles"]
[Result "1-0"]
[WhiteElo "1529"]
[BlackElo "2030"]
[PlyCount "57"]
[EventDate "2006.01.03"]
[EventType "swiss"]
[EventRounds "7"]
[EventCountry "CAN"]

1. d4 Nf6 2. Nf3 e6 3. Bf4 b6 4. e3 Bb7 5. Nbd2 Be7 6. h3 O-O 7. Bd3 d5 8. O-O
c5 9. c3 Nc6 10. Qe2 Rc8 11. Ne5 cxd4 12. exd4 Nxe5 13. Bxe5 Bd6 14. Nf3 Qe7
15. Rfe1 Rfd8 16. Rad1 Bxe5 17. Nxe5 Nd7 18. Qh5 g6 19. Qh6 Nxe5 20. Rxe5 f6
21. Re3 Rd6 22. Rde1 Re8 23. h4 Qf8 24. Qf4 Bc8 25. Rf3 Kg7 26. h5 f5 27. hxg6
hxg6 28. Rh3 Rdd8 29. Qe5+ 1-0

[Event "Monarque Noir"]
[Site "Gatineau CAN"]
[Date "2006.01.03"]
[Round "1"]
[White "Pepin, Christian"]
[Black "Blouin, Francois"]
[Result "1-0"]
[WhiteElo "2067"]
[BlackElo "1563"]
[PlyCount "105"]
[EventDate "2006.01.03"]
[EventType "swiss"]
[EventRounds "7"]
[EventCountry "CAN"]

1. e4 e6 2. d4 d5 3. exd5 exd5 4. Bd3 Nf6 5. Bg5 Be7 6. Ne2 Bg4 7. f3 Bh5 8.
Ng3 Bg6 9. Nf5 Bxf5 10. Bxf5 Nbd7 11. O-O O-O 12. Re1 Re8 13. Nd2 c6 14. Nf1
Qc7 15. c3 Bd6 16. Qd2 Nh5 17. Bxd7 Qxd7 18. g4 Nf6 19. Bxf6 gxf6 20. Ng3 Rxe1+
21. Rxe1 Re8 22. Rxe8+ Qxe8 23. Nf5 Bf8 24. Qe3 Qxe3+ 25. Nxe3 Kg7 26. b3 b5
27. Kf2 Kg6 28. h4 h5 29. Nf5 a5 30. a4 b4 31. cxb4 Bxb4 32. Ke3 Ba3 33. Kd3
Bb4 34. Ng3 hxg4 35. fxg4 Bf8 36. Nf5 Bb4 37. Ne3 Be7 38. h5+ Kh7 39. Nc2 f5
40. gxf5 Kh6 41. b4 Bd8 42. b5 cxb5 43. axb5 Kxh5 44. Ne3 Kg5 45. Nxd5 Kxf5 46.
b6 Bxb6 47. Nxb6 Ke6 48. d5+ Kd6 49. Kd4 Kc7 50. Kc5 a4 51. Nxa4 f5 52. Nc3 f4
53. Kd4 1-0

[Event "Monarque Noir"]
[Site "Gatineau CAN"]
[Date "2006.01.03"]
[Round "1"]
[White "Szalay, Karoly"]
[Black "Lamothe, Luc"]
[Result "1-0"]
[WhiteElo "1737"]
[BlackElo "1172"]
[PlyCount "81"]
[EventDate "2006.01.03"]
[EventType "swiss"]
[EventRounds "7"]
[EventCountry "CAN"]

1. d4 d5 2. c4 e6 3. Nc3 c6 4. Nf3 Nf6 5. Bg5 h6 6. Bh4 dxc4 7. e3 g5 8. Bg3 b5
9. a4 Bb4 10. Qc2 Bb7 11. Nd2 a6 12. b3 Bxc3 13. Qxc3 Nd5 14. Qc1 c3 15. Ne4
O-O 16. Nxc3 Qa5 17. Kd2 Nd7 18. Bd6 Qxc3+ 19. Qxc3 Nxc3 20. Bxf8 Ne4+ 21. Ke1
Kxf8 22. f3 Nef6 23. Bd3 b4 24. a5 Rc8 25. Ke2 Nd5 26. Kd2 Nc3 27. Bc4 c5 28.
Kd3 cxd4 29. exd4 Nf6 30. h4 g4 31. Raf1 Ke7 32. Ke3 h5 33. Kf2 Rd8 34. Ke3 Ne8
35. Rh2 Nd6 36. Bd3 f5 37. fxg4 fxg4 38. Bg6 g3 39. Bxh5 gxh2 40. Bf3 Nf5+ 41.
Kd3 1-0

[Event "Monarque Noir"]
[Site "Gatineau CAN"]
[Date "2006.01.03"]
[Round "1"]
[White "Villeneuve, Luc"]
[Black "Runge, Evan"]
[Result "1-0"]
[WhiteElo "1601"]
[BlackElo "1210"]
[PlyCount "59"]
[EventDate "2006.01.03"]
[EventType "swiss"]
[EventRounds "7"]
[EventCountry "CAN"]

1. Nf3 d5 2. c4 e6 3. cxd5 exd5 4. d4 Nf6 5. Bg5 b6 6. Nc3 Be7 7. e3 O-O 8. Bd3
Bb7 9. O-O Nbd7 10. Qc2 h6 11. Bh4 Rc8 12. Rfe1 Re8 13. Ne5 c5 14. f4 a6 15.
Bf5 Qc7 16. Rac1 Bd6 17. Qf2 g6 18. Nxd7 Nxd7 19. Qg3 Kh7 20. Bd3 f5 21. Qh3
Be7 22. Bg5 Bxg5 23. fxg5 h5 24. Ne2 Nf8 25. Nf4 Qf7 26. g4 fxg4 27. Qxh5+ Kg8
28. Bxg6 Nxg6 29. Nxg6 Kg7 30. Qh6+ 1-0

[Event "Monarque Noir"]
[Site "Gatineau CAN"]
[Date "2006.01.10"]
[Round "2"]
[White "Coulombe, Simon"]
[Black "Kennedy, Phillip"]
[Result "1/2-1/2"]
[WhiteElo "1315"]
[BlackElo "1382"]
[PlyCount "80"]
[EventDate "2006.01.03"]
[EventType "swiss"]
[EventRounds "7"]
[EventCountry "CAN"]

1. e4 c5 2. Nf3 d6 3. c3 a6 4. d4 cxd4 5. cxd4 Nf6 6. Nc3 g6 7. Bc4 b5 8. Bb3
Bg7 9. Bg5 h6 10. Bxf6 Bxf6 11. Bd5 Ra7 12. O-O e6 13. Bb3 O-O 14. Rc1 Nc6 15.
Qd2 Bg5 16. Nxg5 Qxg5 17. Qd3 e5 18. f4 exf4 19. e5 dxe5 20. Ne4 Bf5 21. Rxc6
Bxe4 22. Qxe4 Kg7 23. Qxe5+ Qxe5 24. dxe5 g5 25. g3 h5 26. gxf4 g4 27. Kg2 h4
28. f5 a5 29. f6+ Kg6 30. Bc2+ Kh6 31. Rf4 Kg5 32. Rf5+ Kh6 33. h3 g3 34. Bd1
Rd7 35. Rh5+ Kg6 36. Bg4 Rd2+ 37. Kf3 g2 38. Rc1 Rfd8 39. Kf4 R8d4+ 40. Kf3
R4d3+ 1/2-1/2

[Event "Monarque Noir"]
[Site "Gatineau CAN"]
[Date "2006.01.10"]
[Round "2"]
[White "Forget, David"]
[Black "Laurin, Marcel"]
[Result "1-0"]
[WhiteElo "1955"]
[BlackElo "1717"]
[PlyCount "85"]
[EventDate "2006.01.03"]
[EventType "swiss"]
[EventRounds "7"]
[EventCountry "CAN"]

1. d4 d5 2. c4 e5 3. dxe5 d4 4. Nf3 Nc6 5. Nbd2 Bf5 6. Nb3 Qd7 7. Nbxd4 Bb4+ 8.
Bd2 Nxd4 9. Nxd4 Bxd2+ 10. Qxd2 O-O-O 11. Rd1 Ne7 12. e3 Bg6 13. Be2 Nc6 14. f4
Be4 15. Bf3 Bxf3 16. Nxf3 Qf5 17. Nd4 Nxd4 18. exd4 Qe4+ 19. Kf2 g5 20. fxg5 c5
21. Qe3 Qf5+ 22. Ke1 Qc2 23. Qe2 Qf5 24. Qe3 Qc2 25. Qe2 Qf5 26. Rf1 Qxg5 27.
Rxf7 Rhe8 28. Qf3 Re7 29. Rxe7 Qxe7 30. Qf5+ Kb8 31. d5 Qh4+ 32. g3 Qxh2 33.
Qf2 Qh1+ 34. Kd2 Qe4 35. Qe2 Qg6 36. g4 Rf8 37. e6 Qg5+ 38. Kc2 Rf4 39. e7 Qg6+
40. Qd3 Rxc4+ 41. Kb1 Re4 42. d6 c4 43. Qc2 1-0

[Event "Monarque Noir"]
[Site "Gatineau CAN"]
[Date "2006.01.10"]
[Round "2"]
[White "Groleau, Gilles"]
[Black "Thompson, Dan"]
[Result "1-0"]
[WhiteElo "2030"]
[BlackElo "1363"]
[PlyCount "85"]
[EventDate "2006.01.03"]
[EventType "swiss"]
[EventRounds "7"]
[EventCountry "CAN"]

1. e4 c6 2. d4 d5 3. exd5 cxd5 4. Bd3 Nc6 5. c3 e6 6. Bf4 Bd6 7. Bxd6 Qxd6 8.
Nf3 Nf6 9. O-O O-O 10. Nbd2 Re8 11. Re1 Bd7 12. Ne5 Qc7 13. Ndf3 h6 14. Qe2 Ne7
15. Rad1 Nf5 16. Nxd7 Nxd7 17. Bxf5 exf5 18. Qxe8+ Rxe8 19. Rxe8+ Kh7 20. Rde1
Nf6 21. R8e7 Qb6 22. R7e2 Ne4 23. Ne5 f6 24. Nd3 Qa6 25. Nb4 Qc4 26. f3 a5 27.
Nxd5 Qxd5 28. fxe4 fxe4 29. Rxe4 Qxa2 30. R1e2 b5 31. h3 a4 32. Kh2 a3 33. bxa3
Qxa3 34. R2e3 Qd6+ 35. Kg1 Qd5 36. Re7 b4 37. Rg3 bxc3 38. Rgxg7+ Kh8 39. Rh7+
Kg8 40. Reg7+ Kf8 41. Rd7 c2 42. Rh8+ Qg8 43. Rxg8+ 1-0

[Event "Monarque Noir"]
[Site "Gatineau CAN"]
[Date "2006.01.10"]
[Round "2"]
[White "Laferriere, Bruno"]
[Black "Jani, Louis"]
[Result "1-0"]
[WhiteElo "1725"]
[BlackElo "1416"]
[PlyCount "43"]
[EventDate "2006.01.03"]
[EventType "swiss"]
[EventRounds "7"]
[EventCountry "CAN"]

1. d4 Nf6 2. c4 e6 3. Nc3 Bb4 4. Qc2 d5 5. Bg5 dxc4 6. e3 b5 7. a4 c6 8. Nf3 a6
9. Be2 Be7 10. axb5 cxb5 11. Nxb5 Bb7 12. Nc3 Qc8 13. O-O Nbd7 14. Rfd1 Nb6 15.
Ne5 Qc7 16. Na4 Nfd5 17. Bxe7 Nxe7 18. Nxb6 Qxb6 19. Qxc4 Rc8 20. Qa4+ Nc6 21.
Bf3 O-O 22. Nd7 1-0

[Event "Monarque Noir"]
[Site "Gatineau CAN"]
[Date "2006.01.10"]
[Round "2"]
[White "Levesque, Andre"]
[Black "Mai, Lloyd"]
[Result "0-1"]
[WhiteElo "1345"]
[BlackElo "2014"]
[PlyCount "75"]
[EventDate "2006.01.03"]
[EventType "swiss"]
[EventRounds "7"]
[EventCountry "CAN"]

1. e4 c5 2. Nc3 g6 3. g3 Bg7 4. Bg2 e5 5. d3 Ne7 6. Nge2 O-O 7. O-O f5 8. f4 d6
9. Be3 Nbc6 10. Qd2 Nd4 11. Rf2 Rb8 12. a4 Be6 13. Nd5 Bxd5 14. exd5 Nxe2+ 15.
Qxe2 exf4 16. Bxf4 Bxb2 17. Raf1 Qd7 18. Re1 Rbe8 19. Qd2 Bd4 20. Be3 Qxa4 21.
Bxd4 Qxd4 22. c3 Qg7 23. Rfe2 Qf7 24. Re6 Nc8 25. Qb2 b6 26. Qb5 Rxe6 27. dxe6
Qf6 28. Qc4 Ne7 29. d4 cxd4 30. cxd4 Rc8 31. Qb4 d5 32. Qb2 Rc4 33. Re5 f4 34.
Qf2 Rc1+ 35. Bf1 Nc6 36. Qb2 fxg3 37. Qxc1 Qf2+ 38. Kh1 0-1